Star Wars: A New Hope (1977) Characters - Statistics

General Stats
  • This quiz has been taken 32 times
  • The average score is 8 of 9
Answer Stats
Hint Answer % Correct
Mark Hamill Luke Skywalker
100%
James Earl Jones Darth Vader
97%
Harrison Ford Han Solo
97%
Carrie Fisher Princess Leia
97%
Anthony Daniels C-3PO
93%
Kenny Baker R2-D2
93%
Alec Guinness Ben Kenobi
90%
Peter Meyhew Chewbacca
80%
Peter Cushing Grand Moff Tarkin
67%
No matching quizzes found
Score Distribution
Percent of People with Each Score
Percentile by Number Answered
Your Score History
You have not taken this quiz